000 00849cam a22003014a 4500
001 9810
003 FISKH
005 20260311162715.0
008 260226s2002 nyua b 000 0 eng
010 _a 2001028912
020 _a9780516274898
040 _aDLC
_cDLC
_dDLC
_beng
042 _apcc
_alcac
050 0 0 _aF1233 .W33
082 0 0 _a394.26972
100 1 _aWade, Mary Dodson
_eAuthor
245 1 0 _aCinco de Mayo /
_cBy Mary Dodson Wade
260 _aNew York :
_bChildren's Press,
_c2003
300 _a31 pages :
_bcolor illustrations ;
_c18 cm
440 0 _aRookie read-about holidays
505 _aN
520 _aIntroduces young readers to the traditions and festivities of Cinco de Mayo.
521 8 _a550
_bLexile
521 8 _aN
_bRaz-Plus
650 0 _aSeasons
_vSpring
942 _2ddc
_cBK
_n0
999 _c9810
_d9810